000 01189cam a2200325 i 4500
001 16038410
003 EG-ScBUE
005 20250728101007.0
008 091231t2011 maua f bd 001 0 eng d
020 _a0321596943 (alk. paper)
020 _a9780321596949 (alk. paper)
040 _aDLC
_beng
_erda
_cDLC
_dBTCTA
_dC#P
_dBWX
_dCDX
_dYDXCP
_dVP@
_dSINPL
_dDLC
_dEG-ScBUE
082 0 4 _a543
_222
_bHAG
100 1 _aHage, David S.,
_eauthor.
_929637
245 1 0 _aAnalytical chemistry and quantitative analysis /
_cDavid S. Hage, University of Nebraska, Lincoln, James D. Carr, University of Nebraska, Lincoln.
264 1 _aBoston :
_bPrentice Hall,
_c[2011]
264 4 _cc2011
300 _axvi, 696 pages :
_billustrations (some color) ;
_c29 cm
336 _2rdacontent
_atext
_btxt
337 _aunmediated
_2rdamedia
_bn
338 _avolume
_bnc
_2rdacarrier
500 _aIncludes glossary.
504 _aIncludes bibliographical references and index.
650 7 _aChemistry, Analytic
_xQuantitative.
_96411
_2BUEsh
651 _2BUEsh
653 _bENGCHE
_cApril2012
_cApril2016
655 _vText book
_933728
700 1 _aCarr, James D.,
_eauthor.
_929639
942 _2ddc
_cBB
999 _c16647
_d16647